| 000 | 00905nam a2200265Ia 4500 | ||
|---|---|---|---|
| 003 | OSt | ||
| 005 | 20221005050057.0 | ||
| 006 | a|||||r|||| 00| 0 | ||
| 007 | ta | ||
| 008 | 221004b |||||||| |||| 00| 0 eng d | ||
| 020 |
_a9788182060357 (hbk) _c695 |
||
| 024 | _a16770 | ||
| 037 |
_b65, 27/01/2015, Motilal Banarsidass Publishers Pvt. Ltd. _cTextual |
||
| 040 |
_aCRL _cCRL _beng |
||
| 041 |
_2eng _aeng |
||
| 082 | _aDelta2y7M61, Q3 | ||
| 100 |
_aRoy Jashobanta Ed. _9594268 |
||
| 245 | 0 | _aRediscovering Swami Vivekananda in the 21st century discourse | |
| 260 |
_aKolkata _bTowards Freedom India _c2013 |
||
| 300 |
_axv,304p. _ccm. |
||
| 650 | _aSPIRITUALISM | ||
| 700 |
_a Roy Debashish Ed. _9594269 |
||
| 942 |
_hDelta2y7M61, Q3 _cTEXL _2cc |
||
| 999 |
_c956277 _d956277 |
||